| 000 | 00885nam a22002057a 4500 | ||
|---|---|---|---|
| 999 |
_c19851 _d19851 |
||
| 003 | AR-CdUCM | ||
| 008 | 190522b ||||| |||| 00| 0 spa d | ||
| 040 |
_aMUNICIPALIDAD PROVINCIAL DEL CUSCO _cBIBLIOTECA MUNICIPAL DEL CUSCO |
||
| 082 |
_a320/ _bJ24 |
||
| 100 |
_aJarque L; Arturo _941502 |
||
| 245 |
_aOportunidades y ventajas del Grupo Andino : $bnomenclatura Nabandina arancelada por índice alfabético; aranceles al día para 1974 y 1975 _bNomenclatura Nabandina arancelada por índice alfabético; aranceles al día para 1974 y 1975 / |
||
| 260 |
_aLima : _bLibrería Studium, _c1974. |
||
| 300 |
_a417 páginas ; _c22 cm. |
||
| 505 | _aContenido: Acuerdo de Cartagena -- Asuntos financieros -- Clausulas de salvaguardia... | ||
| 650 |
_aAcuerdo _941503 |
||
| 650 |
_aGrupo andino _98274 |
||
| 650 |
_aArancel _941504 |
||
| 942 |
_2ddc _cLIBROS |
||
| 945 |
_aJavier _d2019-05-22 |
||